000 01040cab a2200289 4500
001 ABS48203
008 090401t1993 xxu||||| |||| 00| 0 eng d
035 _a(Sirsi) u65441
041 _aeng
100 _aPugh-Smith, J.
245 _aPPG16 : two years on
260 _c1993
350 _a0
490 _aJournal of Planning and Environment Law
_vMarch 1993, 203-210(5)
520 _aConsiders what affects PPG16 on archaeology and planning has had and asks whether the changes can survive with continuing restrictions on local government manpower and resources when the development industry comes out of the present recession.
650 _aANCIENT MONUMENTS AND ARCHAEOLOGICAL AREAS ACT 1979
650 _aAPPEALS
650 _aAREAS OF ARCHAEOLOGICAL IMPORTANCE
650 _aENGLISH HERITAGE
650 _aPLANNING POLICY GUIDANCE NOTE 16
650 _aSCHEDULED ANCIENT MONUMENTS
690 _aCONSERVATION
690 _aPLANNING LAW AND PRACTICE
700 _aSamuels, J.
942 _n0
948 _c04/03/1997
999 _c40807
_d40807